00800nam a22002057a 4500999001500000001000500015003000900020005001700029008004100046040003800087082002300125245008700148260003900235300002200274505008800296650004400384700002800428942001200456952012600468 c7086d70868983BD-DhUAP20210113150813.0210113s1986 bg x p w 0 a0eng d aBD-DhAALcBD-DhAALbEngdBD-DhUAP00a348.549204 DHA22300aThe Dhaka Law Reports :ba monthly law journal /cedited by Obaidul Huq Chowdhury. aDhaka :bDhaka law reports,c1986. avolumes ;c26 cm. aV. 38- table of cases of the appellate division of the supreme court of Bangladesh. aLaw reports, digests, etc.zBangladesh. aChowdhury, Obaidul Huq. 2ddccBK 00102ddc4070aDBASLbDBASLcGeneral Stacksd2021-01-13o348.549204 DHA V-38p3010008983r2021-01-13t1w2021-01-13yBK